000 00427nam a2200181Ia 4500
001 24858
005 20260414151111.0
008 260414t2009||||xx |||||||||||||| ||spa||
041 _aESP
082 _a346
_bM86
100 _aMorales Godo, Juan
_eAUT
245 0 _aInstituciones del Derecho civil
_b
260 _c2009
300 _a644 páginas :
_c20 cm.
650 _aDER
654 _aCDE
942 _cLIB
_dJUS
_fJUS
_2ddc
_n
999 _c24858
_d24858